Statystyki dla CO MOŻNA DOSTAĆ?

Kliknij tutaj aby rozwiązać quiz!

Ogólne statystyki

  • Ten quiz został rozwiązany 154 razy
    (84 od ostatniego zresetowania)
  • Średni wynik to 2 z 7

Statystyki odpowiedzi

Odpowiedź% Poprawnych
PREZENT
92%
PIENIĄDZE
37%
OCENĘ
34%
WYPŁATĘ
28%
MANDAT
22%
KARĘ | SZLABAN
20%
SPADEK
8%

Rozkład punktacji

Percentyl według liczby udzielonych odpowiedzi

Procent ludzi z każdym wynikiem

Twoja historia wyników

Nie rozwiązałeś tego quizu od ostatniego zresetowania